LEADER 01156nam a2200205 i 4500 001 000000251789 003 CaOOAMICUS 005 20161201000000.0 008 161201s1804 it u000 u ita u 013 $a230694 026 $aE.CO i.te tei- diDu (7) 1804 (R) 040 $aSeMil$bita 245 10$aTomo 35. 300 $a472, [4] p., [3] c. di tav. ripieg. 500 $aContiene: Opere di Giambattista Vasco (Risposta al quesito: Quali siano i mezzi di provvedere al sostentamento degli operaj soliti impiegarsi nel torcimento delle sete ne' filatoj ... ; Annunzj ed estratti sopra diversi oggetti di economia politica). - Segn.: [A]8 B-2F8 2G6. 773 0 $tScrittori classici italiani di economia politica.$dMilano : Nella Stamperia e Fondria di G. G. Destefanis, a san Zeno n. 534, 1803-1816.$g42$w()33494 773 0 $tScrittori classici italiani di economia politica. Parte moderna.$dMilano : Nella Stamperia e Fonderia di G. G. Destefanis, a san Zeno n. 534, 1803-1805.$g35$w()33495 850 $aSeMil 852 $aSeMil$W1$xVenegono$y1$m3M II 35 FA$j202135$B202135$CSeMilBibl$Z2$F214752 $8I 996 $6245$aTomo 35$9(OLS)http://semarc/title/334601 LEADER 01082nam a2200217 i 4500 001 000000030001 003 CaOOAMICUS 005 20230814084647.0 008 180830s1776 ne u000 u fre u 040 $aSeMil$bita 100 1 $aHelvetius, Claude Adrien,$d<1715-1771>.$0(OLS)http://semarc/name/7885 245 13$aDe l'esprit, par M. Helvetius. Tome 1. [-2.]. 260 $aA Londres [i.e. Liegi] :$b[s.n.],$c1776. 300 $a2 v. ;$c8°. 500 $aStampato a Liegi da Clement Plomteux, cfr. Livres et lumières au pays de Liege 1730-1830, Liege 1980. - Dedica epigrafica dell'editore a Caterina II di Russia. - Fregi, testatine, xilogr. sui front. 773 0 $aHelvetius, Claude Adrien <1715-1771>$tOeuvres complettes de M. Helvetius. Tome 1. [-4.].$dA Londres [i.e. Liegi] : [s.n.], 1775-1776.$w()30002 774 0 $tTome 1.$g1$w()90013 774 0 $tTome 2.$g2$w()230168 996 $6245$aDe l'esprit, par M. Helvetius. Tome 1. [-2.]$9(OLS)http://semarc/title/40813 996 $6260$aA Londres [i.e. Liegi] :$b[s.n.]$9(OLS)http://semarc/publisher/38324